| 000 | 01082cam a2200349 a 4500 | ||
|---|---|---|---|
| 001 | 75589 | ||
| 003 | BD-RjUL | ||
| 005 | 20211209082720.0 | ||
| 008 | 190429r20172014nyua 001 0 eng d | ||
| 020 | _a9789339205386 | ||
| 020 | _a9780078029196 (acidfree paper) | ||
| 020 | _a0078029198 (acidfree paper) | ||
| 035 | _a(BD-RjUL)75807 | ||
| 040 |
_aDLC _cDLC _dDLC _dBD-RjUL _beng |
||
| 041 | _aeng | ||
| 042 | _apcc | ||
| 082 | 0 | 0 |
_a658.421 _223 _bENT 2017 |
| 245 | 1 | 0 |
_aEntrepreneurship / _cRobert D. Hisrich ... [et al.]. |
| 250 | _a9th ed./SI ed. | ||
| 260 |
_aNew York, NY ; _aNew Delhi : _bMcGraw-Hill/Irwin, _cc2014 [Reprinted 2017] |
||
| 300 |
_axxvi, 696 p. : _bill. ; _c24 cm. |
||
| 500 | _aIncludes index. | ||
| 650 | 0 |
_aNew business enterprises. _9231313 |
|
| 650 | 0 |
_aEntrepreneurship. _9231314 |
|
| 650 | 0 |
_aBusiness planning. _9231315 |
|
| 650 | 0 |
_aBusiness enterprises _xFinance. _9231316 |
|
| 650 | 0 |
_aSuccess in business. _9231317 |
|
| 700 |
_aHisrich, Robert D. _9231329 |
||
| 942 |
_2ddc _cBK |
||
| 999 |
_c75589 _d75589 |
||